ბათუმის შოთა რუსთაველის სახელმწიფო უნივერსიტეტის ბიბლიოთეკა

განსვენებული მატია პასკალი (ბიბ.ჩანაწერი № 51546)

000 -LEADER
fixed length control field 01097nam a2200253Ia 4500
001 - CONTROL NUMBER
control field 18537
003 - CONTROL NUMBER IDENTIFIER
control field GE_BSU
008 - FIXED-LENGTH DATA ELEMENTS--GENERAL INFORMATION
fixed length control field 181216s||||||||xx |||||||||||||| ||und||
020 ## - INTERNATIONAL STANDARD BOOK NUMBER
International Standard Book Number 978-9941-402-02-9
040 ## - CATALOGING SOURCE
Transcribing agency GE_BSU
080 ## - UNIVERSAL DECIMAL CLASSIFICATION NUMBER
Universal Decimal Classification number 821.131.1-31
100 ## - MAIN ENTRY--PERSONAL NAME
Personal name პირანდელო, ლუიჯი.
245 ## - TITLE STATEMENT
Title განსვენებული მატია პასკალი
245 ## - TITLE STATEMENT
Remainder of title რომანი
245 ## - TITLE STATEMENT
Statement of responsibility, etc. იტალიურიდან თარგმნა:მერი ტიტვინიძემ;საგამომც.ჯგუფი:ეთერ ბაიდოშვილი,ნელი ელიზბარაშვილი და სხვ.გარეკანის დიზაინი:ილია ხელიასი
260 ## - PUBLICATION, DISTRIBUTION, ETC.
Place of publication, distribution, etc. თბილისი
260 ## - PUBLICATION, DISTRIBUTION, ETC.
Name of publisher, distributor, etc. ინტელექტი
260 ## - PUBLICATION, DISTRIBUTION, ETC.
Date of publication, distribution, etc. 2008
300 ## - PHYSICAL DESCRIPTION
Extent 262გვ;20სმ.
653 ## - INDEX TERM--UNCONTROLLED
Uncontrolled term იტალიური მხატვრული ლიტერატურა.
653 ## - INDEX TERM--UNCONTROLLED
Uncontrolled term რომანი
942 ## - ADDED ENTRY ELEMENTS (KOHA)
Koha item type წიგნი
ეგზემპლარები
Withdrawn status Lost status Damaged status Not for loan Date acquired Barcode Date last seen Price effective from Koha item type
        2018-12-17 47942 2018-12-17 2018-12-17 წიგნი